Statistics for Countries Without A & E

Click here to take the quiz!

General Stats

  • This quiz has been taken 40 times
  • The average score is 5 of 8

Answer Stats

Answer% Correct
Fiji
88%
Togo
70%
Comoros
64%
Djibouti
58%
Kosovo
58%
Burundi
48%
Morocco
39%
Cyprus
33%

Score Distribution

Percentile by Number Answered

Percent of People with Each Score

Your Score History

You have not taken this quiz